[Event "5th Boris Kostic mem"]
[Site "Vrsac"]
[Date "1973.09.30"]
[Round "12"]
[White "Velimirovic, Dragoljub"]
[Black "Masic, Ljubomir"]
[Result "1/2-1/2"]
[WhiteElo "2510"]
[BlackElo "2360"]
[EventDate "1973.09.16"]
[PlyCount "80"]
[Source "Perpetual Check"]

1.e4 c5 2.Nf3 e6 3.d4 cxd4 4.Nxd4 Nc6 5.Nc3 a6 6.Be2 Qc7 7.O-O Nf6 8.Kh1 
Be7 9.f4 d6 10.Be3 O-O 11.a4 d5 12.e5 Ne4 13.Nxe4 dxe4 14.c3 b6 15.Nxc6 
Qxc6 16.Qb3 Bc5 17.Bxc5 Qxc5 18.Rad1 Rb8 19.Rd4 Bb7 20.Rfd1 g5 21.fxg5 
Qxe5 22.Rb4 Bd5 23.c4 Bc6 24.Qe3 Qc5 25.Qxc5 bxc5 26.Rxb8 Rxb8 27.Kg1 Rxb2
28.Kf2 Bxa4 29.Rd8+ Kg7 30.Ke3 Bc6 31.Rc8 Rb6 32.Bh5 e5 33.Rc7 Rb3+ 34.Ke2
Rb2+ 35.Kf1 Be8 36.Rxc5 Rb1+ 37.Kf2 Rb2+ 38.Kg3 e3 39.Rxe5 Bc6 40.Bf3 Bxf3
1/2-1/2

[Event "5th Boris Kostic mem"]
[Site "Vrsac"]
[Date "1973.09.30"]
[Round "12"]
[White "Zuckerman, Bernard"]
[Black "Hecht, Hans-Joachim"]
[Result "1/2-1/2"]
[WhiteElo "2455"]
[BlackElo "2505"]
[EventDate "1973.09.16"]
[PlyCount "42"]
[Source "Perpetual Check"]

1.e4 Nf6 2.e5 Nd5 3.d4 d6 4.Nf3 Bg4 5.Be2 e6 6.O-O Be7 7.h3 Bh5 8.c4 Nb6 
9.Nc3 O-O 10.Be3 N8d7 11.exd6 cxd6 12.b3 Bg6 13.a4 a5 14.Rc1 d5 15.c5 Nc8 
16.Nb5 Na7 17.Bf4 Nc6 18.Qd2 Be4 19.Ng5 Bg6 20.Nf3 Be4 21.Ng5 Bg6 1/2-1/2

[Event "5th Boris Kostic mem"]
[Site "Vrsac"]
[Date "1973.10.01"]
[Round "13"]
[White "Krnic, Zdenko"]
[Black "Zuckerman, Bernard"]
[Result "0-1"]
[WhiteElo "2400"]
[BlackElo "2455"]
[EventDate "1973.09.16"]
[PlyCount "80"]
[Source "Perpetual Check"]

1.e4 e5 2.f4 exf4 3.Nc3 Nc6 4.d4 Qh4+ 5.Ke2 d5 6.Nf3 Bg4 7.exd5 O-O-O 8.
Bxf4 Re8+ 9.Kd2 Qf2+ 10.Kc1 Nxd4 11.Bg3 Qe3+ 12.Qd2 Qxd2+ 13.Nxd2 Nf5 14.
Bf2 Nd6 15.Bd3 a6 16.b4 Bf5 17.Bxf5+ Nxf5 18.Rb1 Nf6 19.Rd1 Bd6 20.Nc4 
Bxh2 21.b5 Bf4+ 22.Kb2 axb5 23.Nxb5 Ne4 24.Bg1 Ned6 25.Na7+ Kd7 26.Kc3 Re4
27.Na5 b6 28.N5c6 Rhe8 29.g4 Ne3 30.Bxe3 Bxe3 31.Rb4 Rxb4 32.Kxb4 Bc5+ 33.
Kb3 b5 34.Rf1 f6 35.g5 fxg5 36.Rh1 h6 37.Kc3 Re3+ 38.Kd2 Bxa7 39.Nxa7 Re5 
40.Kc3 Rxd5 0-1

[Event "5th Boris Kostic mem"]
[Site "Vrsac"]
[Date "1973.10.01"]
[Round "13"]
[White "Hecht, Hans-Joachim"]
[Black "Velimirovic, Dragoljub"]
[Result "1/2-1/2"]
[WhiteElo "2505"]
[BlackElo "2510"]
[EventDate "1973.09.16"]
[PlyCount "84"]
[Source "Perpetual Check"]

1.e4 c5 2.Nf3 g6 3.c4 Bg7 4.d4 Na6 5.Nc3 d6 6.d5 Nf6 7.Bd3 Nc7 8.O-O O-O 
9.h3 a6 10.a4 e5 11.dxe6 Nxe6 12.Rb1 Bd7 13.Be3 Bc6 14.Nd5 Re8 15.Re1 Nd7 
16.b3 Rb8 17.Qd2 Ne5 18.Nxe5 Bxe5 19.f4 Bd4 20.Kh2 a5 21.Qf2 Bxe3 22.Rxe3 
Nd4 23.h4 Kh8 24.e5 dxe5 25.fxe5 f5 26.exf6 Qd6+ 27.Kg1 Bxd5 28.Rxe8+ Rxe8
29.cxd5 Rf8 30.Rf1 Qxd5 31.Bc4 Qe5 32.f7 Nf5 33.Rd1 Kg7 34.Re1 Qd4 35.
Qxd4+ cxd4 36.Re5 Ne3 37.Rxa5 Nxc4 38.bxc4 Rd8 39.Kf2 Kxf7 40.Rb5 Rd7 41.
Ke2 d3+ 42.Kd2 Ke6 1/2-1/2

[Event "5th Boris Kostic mem"]
[Site "Vrsac"]
[Date "1973.10.01"]
[Round "13"]
[White "Masic, Ljubomir"]
[Black "Uhlmann, Wolfgang"]
[Result "1/2-1/2"]
[WhiteElo "2360"]
[BlackElo "2560"]
[EventDate "1973.09.16"]
[PlyCount "33"]
[Source "Perpetual Check"]

1.e4 g6 2.d4 Bg7 3.Nf3 d6 4.Nc3 Nf6 5.Be2 O-O 6.O-O c6 7.a4 a5 8.h3 Na6 9.
Be3 Nb4 10.Qd2 Nd7 11.Bc4 d5 12.Bb3 Nb6 13.exd5 cxd5 14.Bh6 Bf5 15.Bxg7 
Kxg7 16.Nd1 Qd6 17.Ne3 1/2-1/2

[Event "5th Boris Kostic mem"]
[Site "Vrsac"]
[Date "1973.10.01"]
[Round "13"]
[White "Forintos, Gyozo"]
[Black "Parma, Bruno"]
[Result "1/2-1/2"]
[WhiteElo "2460"]
[BlackElo "2500"]
[EventDate "1973.09.16"]
[PlyCount "36"]
[Source "Perpetual Check"]

1.Nf3 c5 2.c4 Nc6 3.Nc3 Nf6 4.e3 e6 5.d4 d5 6.a3 a6 7.dxc5 Bxc5 8.b4 Ba7 
9.Bb2 O-O 10.cxd5 exd5 11.b5 axb5 12.Nxb5 Bb6 13.Bd3 Bg4 14.O-O d4 15.
Nbxd4 Nxd4 16.Bxd4 Bxd4 17.exd4 Qd6 18.h3 Bh5 1/2-1/2

[Event "5th Boris Kostic mem"]
[Site "Vrsac"]
[Date "1973.10.01"]
[Round "13"]
[White "Radulov, Ivan"]
[Black "Buljovcic, Ivan"]
[Result "1/2-1/2"]
[WhiteElo "2530"]
[BlackElo "2435"]
[EventDate "1973.09.16"]
[PlyCount "58"]
[Source "Perpetual Check"]

1.e4 c5 2.Nf3 d6 3.Bb5+ Nd7 4.d4 Nf6 5.Nc3 cxd4 6.Qxd4 e6 7.Bg5 Be7 8.
O-O-O O-O 9.Bxd7 Bxd7 10.e5 dxe5 11.Nxe5 Bc6 12.Nxc6 bxc6 13.Qxd8 Rfxd8 
14.f3 Kf8 15.Rhe1 Rxd1+ 16.Rxd1 Rd8 17.Rxd8+ Bxd8 18.Ne4 Ke7 19.Nxf6 gxf6 
20.Be3 a6 21.Kd2 f5 22.Kd3 e5 23.b4 f4 24.Ba7 Ke6 25.a4 f5 26.Kc4 Be7 27.
Bc5 Bd8 28.Kd3 h5 29.c4 Be7 1/2-1/2

[Event "5th Boris Kostic mem"]
[Site "Vrsac"]
[Date "1973.10.02"]
[Round "14"]
[White "Quinteros, Miguel Angel"]
[Black "Radulov, Ivan"]
[Result "0-1"]
[WhiteElo "2520"]
[BlackElo "2530"]
[EventDate "1973.09.16"]
[PlyCount "124"]
[Source "Perpetual Check"]

1.e4 c6 2.Nc3 d5 3.Nf3 dxe4 4.Nxe4 Nd7 5.Bc4 Ngf6 6.Qe2 Nxe4 7.Qxe4 e6 8.
d4 Nf6 9.Qh4 Nd5 10.Qg3 Qd6 11.Bd2 Qxg3 12.hxg3 h6 13.g4 Rg8 14.O-O-O Be7 
15.Be2 Bd7 16.c4 Nf6 17.Ne5 Rf8 18.f4 O-O-O 19.Bf3 Be8 20.Be3 Nd7 21.Nd3 
f6 22.f5 Bf7 23.fxe6 Bxe6 24.d5 cxd5 25.cxd5 Bf7 26.Bxa7 b6 27.Rd2 Bd6 28.
Rc2+ Kb7 29.Rc6 Bg6 30.Rxd6 Bxd3 31.Kd2 Ne5 32.Re6 Nxf3+ 33.gxf3 Rxd5 34.
Re7+ Ka6 35.Rhe1 Bb5+ 36.Ke3 Rd3+ 37.Kf2 f5 38.gxf5 Rxf5 39.Bb8 Rdxf3+ 40.
Kg1 Rg5+ 41.Kh2 Rf2+ 42.Kh3 Bf1+ 43.Kh4 Rg1 44.Rc1 Rxb2 45.Ra7+ Kb5 46.Bd6
Rh1+ 47.Kg4 Rg2+ 48.Kf5 Rh5+ 49.Ke4 Rh4+ 50.Kf5 Rh5+ 51.Ke4 Rh4+ 52.Kf5 
Rf2+ 53.Ke5 Re2+ 54.Kf5 Rf2+ 55.Ke5 Rh5+ 56.Ke6 Bc4+ 57.Kd7 Bxa2 58.Rb7 
Rd5 59.Ke7 Re2+ 60.Kd7 Rf5 61.Bc7 Be6+ 62.Kd6 Rd5+ 0-1

[Event "5th Boris Kostic mem"]
[Site "Vrsac"]
[Date "1973.10.02"]
[Round "14"]
[White "Buljovcic, Ivan"]
[Black "Kirov, Nino"]
[Result "1-0"]
[WhiteElo "2435"]
[BlackElo "2420"]
[EventDate "1973.09.16"]
[PlyCount "73"]
[Source "Perpetual Check"]

1.e4 c5 2.c3 Nf6 3.e5 Nd5 4.d4 cxd4 5.Qxd4 e6 6.Bc4 Nc6 7.Qe4 d6 8.exd6 
Nf6 9.Qe2 Bxd6 10.Nf3 O-O 11.Bg5 Qc7 12.Nbd2 Bd7 13.Bd3 Bf4 14.Bxf4 Qxf4 
15.O-O Qc7 16.Rfe1 Rfe8 17.Rad1 Rad8 18.Ne4 Nxe4 19.Qxe4 f5 20.Qc4 Qa5 21.
Bc2 b5 22.Qc5 Qb6 23.Qxb6 axb6 24.Rd6 Kf8 25.Red1 Ke7 26.Bb3 h6 27.h4 Rf8 
28.Kf1 Rf6 29.R6d2 Bc8 30.Rxd8 Nxd8 31.Ne5 g5 32.h5 Ke8 33.Rd6 Nf7 34.Nxf7
Rxf7 35.Rxb6 Ke7 36.Ke1 Bd7 37.c4 1-0

[Event "5th Boris Kostic mem"]
[Site "Vrsac"]
[Date "1973.10.02"]
[Round "14"]
[White "Parma, Bruno"]
[Black "Masic, Ljubomir"]
[Result "1-0"]
[WhiteElo "2500"]
[BlackElo "2360"]
[EventDate "1973.09.16"]
[PlyCount "57"]
[Source "Perpetual Check"]

1.e4 e5 2.Nf3 Nc6 3.Bb5 a6 4.Ba4 Nf6 5.O-O Be7 6.Re1 b5 7.Bb3 d6 8.c3 O-O 
9.h3 Nb8 10.d4 Nbd7 11.Nbd2 Bb7 12.Bc2 Re8 13.b4 Bf8 14.Bb2 Nb6 15.a3 g6 
16.dxe5 dxe5 17.c4 bxc4 18.Nxe5 Bg7 19.Ndxc4 Nxc4 20.Nxc4 Bxe4 21.Ba4 Re6 
22.Qxd8+ Rxd8 23.Rad1 Rd5 24.Bb3 Re8 25.Nd2 Bc2 26.Bxf6 Rxe1+ 27.Rxe1 Rxd2
28.Re8+ Bf8 29.Bxc2 1-0

[Event "5th Boris Kostic mem"]
[Site "Vrsac"]
[Date "1973.10.02"]
[Round "14"]
[White "Velimirovic, Dragoljub"]
[Black "Krnic, Zdenko"]
[Result "0-1"]
[WhiteElo "2510"]
[BlackElo "2400"]
[EventDate "1973.09.16"]
[PlyCount "72"]
[Source "Perpetual Check"]

1.e4 c5 2.Nf3 Nc6 3.d4 cxd4 4.Nxd4 e6 5.Nc3 a6 6.Be2 Nge7 7.Be3 Nxd4 8.
Qxd4 b5 9.O-O-O Nc6 10.Qd2 Bb7 11.Bf4 Rc8 12.h4 f6 13.Rh3 Ne5 14.Rg3 Qe7 
15.a3 Bc6 16.Kb1 b4 17.Nd5 exd5 18.exd5 Bb5 19.d6 Qe6 20.Bxe5 Bxe2 21.Qxe2
fxe5 22.axb4 Rc6 23.Qe4 g6 24.h5 Qf5 25.Qe2 Bxd6 26.Rf3 Qe6 27.b5 axb5 28.
Qxb5 Ke7 29.Re3 Rb8 30.Qe2 Rb4 31.g3 Qc4 32.Rdd3 Kd8 33.hxg6 hxg6 34.Qd2 
Ra6 35.b3 Qc5 36.Rc3 Qa5 0-1

[Event "5th Boris Kostic mem"]
[Site "Vrsac"]
[Date "1973.10.04"]
[Round "15"]
[White "Zuckerman, Bernard"]
[Black "Velimirovic, Dragoljub"]
[Result "0-1"]
[WhiteElo "2455"]
[BlackElo "2510"]
[EventDate "1973.09.16"]
[PlyCount "86"]
[Source "Perpetual Check"]

1.e4 c5 2.Nf3 d6 3.d4 cxd4 4.Nxd4 Nf6 5.Nc3 g6 6.Be3 Bg7 7.f3 Nc6 8.Qd2 
O-O 9.Bc4 Bd7 10.O-O-O Rc8 11.Bb3 Ne5 12.h4 Nc4 13.Bxc4 Rxc4 14.h5 Nxh5 
15.g4 Nf6 16.Bh6 Nxe4 17.Qe3 Rxc3 18.bxc3 Nf6 19.Bxg7 Kxg7 20.Ne2 Rg8 21.
Ng3 Kh8 22.Qd4 Qb6 23.g5 Qxd4 24.Rxd4 Ne8 25.Re4 e6 26.Reh4 h5 27.gxh6 Bc6
28.Rf1 g5 29.Rh2 f5 30.Ne2 Kh7 31.f4 g4 32.Ng3 Nf6 33.c4 Ne4 34.Rg1 Nxg3 
35.Rxg3 e5 36.Rf2 Be4 37.Kd2 exf4 38.Rxf4 Kxh6 39.Ke3 Re8 40.Kd4 Kg5 41.
Rf2 f4 42.Ra3 g3 43.Rf1 Bc6 0-1

[Event "5th Boris Kostic mem"]
[Site "Vrsac"]
[Date "1973.10.04"]
[Round "15"]
[White "Krnic, Zdenko"]
[Black "Uhlmann, Wolfgang"]
[Result "1/2-1/2"]
[WhiteElo "2400"]
[BlackElo "2560"]
[EventDate "1973.09.16"]
[PlyCount "37"]
[Source "Perpetual Check"]

1.e4 e6 2.d4 d5 3.Nd2 c5 4.Ngf3 Nc6 5.exd5 exd5 6.Bb5 Bd6 7.dxc5 Bxc5 8.
O-O Ne7 9.Nb3 Bd6 10.Nbd4 O-O 11.b3 Bg4 12.Bb2 Qb6 13.a4 Be5 14.Nxc6 Nxc6 
15.Bxe5 Nxe5 16.Be2 Bxf3 17.Bxf3 Nxf3+ 18.Qxf3 Rac8 19.Rad1 1/2-1/2

[Event "5th Boris Kostic mem"]
[Site "Vrsac"]
[Date "1973.10.04"]
[Round "15"]
[White "Hecht, Hans-Joachim"]
[Black "Parma, Bruno"]
[Result "1/2-1/2"]
[WhiteElo "2505"]
[BlackElo "2500"]
[EventDate "1973.09.16"]
[PlyCount "68"]
[Source "Perpetual Check"]

1.e4 d6 2.d4 Nf6 3.Nc3 g6 4.Bg5 Bg7 5.Qd2 h6 6.Be3 Ng4 7.Bf4 Nc6 8.h3 e5 
9.dxe5 Ngxe5 10.O-O-O Be6 11.Nd5 Qd7 12.Be3 g5 13.g3 f5 14.f4 Nf7 15.exf5 
Bxf5 16.Bb5 a6 17.Bd3 Ne7 18.Nxe7 Bxd3 19.Qxd3 Qxe7 20.Nf3 gxf4 21.Bxf4 
O-O-O 22.Qf5+ Qd7 23.Nh4 Be5 24.Rhf1 Bxf4+ 25.Rxf4 Ne5 26.g4 Qxf5 27.Rxf5 
Rdg8 28.b3 Rg5 29.Rdf1 Kd7 30.Kd2 Re8 31.Rxg5 hxg5 32.Nf3 Nf7 33.Nd4 Ne5 
34.Nf3 Nf7 1/2-1/2

[Event "5th Boris Kostic mem"]
[Site "Vrsac"]
[Date "1973.10.04"]
[Round "15"]
[White "Tringov, Georgi"]
[Black "Buljovcic, Ivan"]
[Result "1/2-1/2"]
[WhiteElo "2450"]
[BlackElo "2435"]
[EventDate "1973.09.16"]
[PlyCount "36"]
[Source "Perpetual Check"]

1.e4 c5 2.Nf3 d6 3.Bb5+ Nd7 4.c3 Nf6 5.Qe2 a6 6.Ba4 e6 7.Bc2 b6 8.d4 Bb7 
9.O-O Be7 10.Nbd2 Qc7 11.Bd3 Nf8 12.Re1 Ng6 13.Nf1 O-O 14.Ng3 Rfe8 15.a4 
Bf8 16.Bg5 Nd7 17.Qd2 f6 18.Be3 d5 1/2-1/2

[Event "5th Boris Kostic mem"]
[Site "Vrsac"]
[Date "1973.10.04"]
[Round "15"]
[White "Kirov, Nino"]
[Black "Quinteros, Miguel Angel"]
[Result "0-1"]
[WhiteElo "2420"]
[BlackElo "2520"]
[EventDate "1973.09.16"]
[PlyCount "112"]
[Source "Perpetual Check"]

1.e4 c5 2.Nf3 d6 3.d4 cxd4 4.Nxd4 Nf6 5.Nc3 a6 6.Bg5 e6 7.f4 Be7 8.Qf3 Qc7
9.O-O-O h6 10.Bh4 Nbd7 11.Bd3 b5 12.e5 Bb7 13.Nxe6 fxe6 14.Bg6+ Kd8 15.
exf6 gxf6 16.Qe2 b4 17.Nb1 Rg8 18.f5 e5 19.Nd2 Rc8 20.Nf3 Rf8 21.Kb1 Qc4 
22.Qxc4 Rxc4 23.Bf2 Rg4 24.Rhg1 d5 25.Bh5 Rc4 26.Nd2 Rf4 27.Be3 Rh4 28.Bf3
Rxh2 29.Nf1 Rh4 30.g3 Rc4 31.Bxd5 Bxd5 32.Rxd5 Bc5 33.Rh1 Bxe3 34.Nxe3 Re4
35.Rd3 Kc8 36.a3 Nc5 37.Rd5 Na4 38.Ra5 bxa3 39.Nd5 Kb7 40.Rxh6 axb2 41.Rh1
Rd8 42.Nxf6 Rb4 43.Rxa4 Rxa4 44.Kxb2 Kc6 45.Rh7 Rf8 46.Rh6 Kb5 47.g4 e4 
48.g5 e3 49.Rh3 Rf4 50.Rxe3 Rxf5 51.Ne4 Kc6 52.Rc3+ Kb6 53.Rg3 Rf3 54.Rg2 
Rg8 55.Rd2 Rg6 56.Rd5 Re6 0-1